000 00837nam a2200217Ia 4500
003 GCL
008 140319s9999 xx 000 0 ara d
040 _aGCL /
_cGCL
082 0 4 _a301.241
_bم ت
100 1 _aمحمد يسرى ابراهيم دعبس
245 1 0 _aالتربية السياحية والتنمية الشاملة: رؤية فى انثروبولوجيا السياحة /
_cمحمد يسرى ابراهيم دعبس
260 _a[S.N] :
_bالبيطاش سنتر للتجارة والتوزيع ،
_c1993
300 _a160 ص
490 _aعلم الانسان وقضايا المجتمع
_v0
650 0 4 _aالسياحة
650 0 4 _aالثقافة
650 0 4 _aالاجتماع
650 0 4 _aالتغير الاجتماعى
650 0 4 _aالانثربولوجية الاجتماعية
942 _2ddc
_cBK
999 _c28370
_d28370